000 00550cam a2200193 i 4500
999 _c108381
_d108381
001 19650799
005 20181016095918.0
008 170512s2018 enkab b 001 0 eng
020 _a9781509520824
020 _a9781509520831
040 _cPK-LaUMT
082 0 0 _a956.05
_223
_bMIL-C
100 1 _aMilton-Edwards, Beverley
245 1 0 _aContemporary politics in the Middle East /
_cBeverley Milton-Edwards
250 _a4th ed.
260 _aCambridge :
_bPolity,
_c2018
300 _axiv, 357 p. :
_billustrations, maps ;
_c25 cm
942 _cBK